Statistics for Guess the Taylor Swift song without hints 3

Click here to take the quiz!

General Stats

  • This quiz has been taken 69 times
  • The average score is 274 of 373

Answer Stats

Answer% Correct
I
100%
you
98%
A
97%
a
97%
an
95%
and
95%
And
95%
me
95%
my
92%
to
92%
the
91%
We
91%
we
91%
it
89%
know
88%
On
88%
on
88%
Where
88%
where
88%
in
86%
like
86%
Like
86%
No
86%
So
86%
so
86%
all
84%
He
84%
he
84%
I'm
84%
can
83%
Go
83%
go
83%
that
81%
there
81%
When
81%
It's
80%
it's
80%
see
80%
can't
78%
I'll
78%
at
77%
up
77%
mine
75%
one
75%
think
75%
am
72%
every
72%
down
70%
him
70%
his
70%
oh
70%
got
69%
Got
69%
knows
69%
night
69%
never
67%
want
66%
with
66%
Boy
64%
boy
64%
'Cause
64%
get
63%
He's
63%
look
63%
what's
63%
make
59%
man
59%
under
59%
wanna
59%
Wanna
59%
Or
58%
tell
58%
body
56%
gonna
56%
soul
56%
attitude
55%
Avenue
55%
hand
55%
heartbeat
55%
skipping
55%
Skipping
55%
understand
55%
boyish
53%
eyes
53%
mean
53%
sixteenth
53%
ain't
52%
architect
52%
dark
52%
gotta
52%
nobody
52%
plans
52%
seventeen
52%
won't
52%
alone
50%
bless
50%
drawing
50%
drive
50%
he'll
50%
home
50%
understands
50%
around
48%
good
48%
Lead
48%
Makes
48%
whisper
48%
footprints
47%
hands
47%
myself
47%
obsessed
47%
sidewalk
47%
smile
47%
stay
47%
stop
47%
wait
45%
indigo
44%
sparks
44%
thigh
44%
better
42%
cold
42%
follow
42%
Lyrical
42%
glass
41%
ones
41%
stick
41%
lock
39%

Score Distribution

Percentile by Number Answered

Percent of People with Each Score

Your Score History

You have not taken this quiz